| 000 | 00927nam a2200265 a 4500 | ||
|---|---|---|---|
| 001 | 015686827 | ||
| 003 | Uk | ||
| 005 | 20131008130757.0 | ||
| 008 | 100322s2011 nyuab b 001 0 eng | ||
| 020 | _a9780393930672 (pbk.) | ||
| 082 | 0 | 0 |
_a306.0973 _222 _bWRI |
| 100 | 1 |
_aWright, Erik Olin. _933918 |
|
| 245 | 1 | 0 |
_aAmerican society : _bhow it really works / _cErik Olin Wright, Joel Rogers. |
| 260 |
_aNew York : _bW.W. Norton & Co., _cc2011. |
||
| 300 |
_axiii, 494 p. : _bill., 1 map ; _c24 cm. |
||
| 504 | _aIncludes bibliographical references and index. | ||
| 650 | 0 |
_aSocial values _zUnited States. _933919 |
|
| 651 | 0 |
_aUnited States _xSocial conditions. _933920 |
|
| 651 | 0 |
_aUnited States _xEconomic conditions. _933921 |
|
| 651 | 0 |
_aUnited States _xMoral conditions. _933922 |
|
| 651 | 0 |
_aUnited States _xCivilization. _933923 |
|
| 653 |
_bPol _cOctober2013 |
||
| 700 | 1 |
_aRogers, Joel, _d1952- _933924 |
|
| 942 |
_2ddc _cBB |
||
| 999 |
_c17600 _d17572 |
||